000 00408 a2200145 4500
001 166738
020 _a
040 _cMagnum
100 _aMelo, Victor Andrade de
240 1 0 _aHistoria da educacao fisica e do esporte no brasil: panorama e perspes
_lpor
245 1 0 _aHistoria da educacao fisica e do esporte no brasil: panorama e perspes
362 0 _a1899
697 _aEDUCACAO FISICA
942 _cBK
999 _c166738
_d166738